000 00642nam a22002177a 4500
003 UA-OsUOA
001 102379
007 ta
008 20130909b un ||||| |||| 00| 0 ukr d
100 _aМазнєв Г.Є.
090 _a330(477)
_bМ13
942 _cSA
040 _aUA-OsUOA
_bukr
_cUA-OsUOA
_dUA-OsUOA
245 _aІноваційні технологічні кластери: особливості та застереження
300 _aС.63-68
955 _a0
041 _aukr
080 _a330(477)
773 0 _w102378
_tЕкономіка АПК
_dК.
_d2013
_g8
650 7 _a330 Економіка взагалі
_2UDC
999 _c388607
_d388607